| 000 | 01141nam a2200277 i 4500 | ||
|---|---|---|---|
| 003 | EG-ScBUE | ||
| 005 | 20231123152441.0 | ||
| 008 | 210923s2009 ko o f 000 0 ara d | ||
| 017 | _a03910 | ||
| 020 | _a8973751082 | ||
| 040 |
_aEG-ScBUE _bara _erda _cEG-ScBUE _dEG-ScBUE |
||
| 043 | _aa-kr--- | ||
| 082 | 0 | 4 |
_a951.9 _bو ز ا _222 |
| 110 | 2 |
_aوزارة الثقافة والرياضة والسياحة. _bقسم الثقافة الكورية والمعلومات، _eمؤلف. |
|
| 245 | 1 | 0 |
_aحقائق عن كوريا / _cوزارة الثقافة والرياضة والسباحة، قسم الثقافة وزارة الثقافة والرياضة والسياحة. |
| 264 | 1 |
_aسيئول : _bالهيئة الكورية للإستعلامات عبر البحار، _c2009. |
|
| 300 |
_a257 صفحة : _bصور ملونة ؛ _c24 سم |
||
| 336 |
_2rdacontent _aنص _btxt |
||
| 337 |
_2rdamedia _aبدون وسيط _bn |
||
| 338 |
_2rdacarrier _aمجلد _bnc |
||
| 541 | _cDonation. | ||
| 651 | 7 |
_aكوريا _xوصف ورحلات. _2BUEsh _927983 |
|
| 653 | 7 |
_aBUEsh _bGGEN _cSeptember2021 |
|
| 655 | 7 | _vReading book | |
| 942 | _2ddc | ||
| 999 |
_c29482 _d29453 |
||